000 00528nam a2200193Ia 4500
003 OSt
005 20260223151250.0
008 250729s2005 xx 000 0 und d
040 _cAL
041 _akan
082 _a930.7 REDE
100 _aರೆಡ್ಡಿ ಕೆ ತಿಮ್ಮಾ
_9229541
245 _aಇತಿಹಾಸ ಮತ್ತು ಪೌರನೀತಿ ಬೋಧನೆ
260 _aಗದಗ
_c2005
300 _a535p
650 _aHistory
_9229542
700 _aRao Digumurthi
_9229543
942 _2ddc
_cBED
999 _c238366
_d238366